[Event "SVK-ch Amateurs"]
[Site "Liptovsky Jan"]
[Date "2023.06.17"]
[Round "6"]
[White "Malcek, Patrick Dominic"]
[Black "Mydliar, Jan"]
[Result "0-1"]
[WhiteElo "1415"]
[BlackElo "1811"]
[PlyCount "66"]
[EventDate "2023.06.15"]
[EventType "swiss"]
[EventRounds "8"]
[EventCountry "SVK"]
[SourceTitle "CBM 214 Extra"]
[Source "ChessBase"]
[SourceDate "2023.07.31"]
[SourceVersion "1"]
[SourceVersionDate "2023.07.31"]
[SourceQuality "1"]

1. Nf3 Nf6 2. g3 g6 3. Bg2 Bg7 4. d3 d5 5. 0-0 0-0 6. c3 c5 7. Bg5 Nc6 8. Nbd2 h6 9. Bxf6 Bxf6 10. e4 d4 11. cxd4 Nxd4 12. Rb1 Rb8 13. Nxd4 Qxd4 14. Nb3 Qd6 15. Re1 b6 16. f4 Bd4+ 17. Kh1 Rd8 18. e5 Qd7 19. Qc2 Qg4 20. Qe2 Qxe2 21. Rxe2 Bg4 22. Nxd4 Rxd4 23. Rd2 Rbd8 24. h3 Bf5 25. Rbd1 h5 26. h4 Bg4 27. Rc1 Rxd3 28. Rxd3 Rxd3 29. Rc3 Rd2 30. Kg1 Rxb2 31. Ra3 a5 32. Rb3 Rxb3 33. axb3 Be6 0-1